| Tag |
First Indicator |
Second Indicator |
Subfields |
| LEADER |
00000cam a2200000 4500 |
| 001 |
in00000070233 |
| 005 |
20151008061643.0 |
| 008 |
710223s1971 njua b 00110 eng |
| 010 |
|
|
|a 78110494
|
| 020 |
|
|
|a 0139118675(pbk)
|
| 035 |
|
|
|a (OCoLC)00123725
|
| 035 |
|
|
|9 AAJ8527AM
|
| 040 |
|
|
|a DLC
|c DLC
|d m.c.
|d TXA
|d UtOrBLW
|
| 049 |
|
|
|a TXAM
|c 1 [954262], 2 [1113547], 3 [1502814]
|
| 050 |
0 |
0 |
|a BF39
|b .T9 1971
|
| 082 |
0 |
|
|a 150/.28
|
| 100 |
1 |
|
|a Tyler, Leona E.
|q (Leona Elizabeth),
|d 1906-1993.
|
| 245 |
1 |
0 |
|a Tests and measurements /
|c [by] Leona E. Tyler.
|
| 250 |
|
|
|a 2d ed.
|
| 264 |
|
1 |
|a Englewood Cliffs, N.J. :
|b Prentice-Hall,
|c [1971]
|
| 300 |
|
|
|a xii, 99 pages :
|b illustrations ;
|c 24 cm.
|
| 336 |
|
|
|a text
|b txt
|2 rdacontent
|
| 337 |
|
|
|a unmediated
|b n
|2 rdamedia
|
| 338 |
|
|
|a volume
|b nc
|2 rdacarrier
|
| 490 |
1 |
|
|a Foundations of modern psychology series
|
| 504 |
|
|
|a Bibliography: pages 95-96.
|
| 650 |
|
0 |
|a Psychometrics.
|
| 830 |
|
0 |
|a Prentice-Hall foundations of modern psychology series.
|
| 999 |
|
|
|a MARS
|
| 999 |
f |
f |
|s e1e7b400-eb77-3584-bda7-d63e76571574
|i 38af99b7-4ed7-3615-a8c1-01a19dc124e0
|t 0
|
| 952 |
f |
f |
|p ric
|a Texas A&M University
|b Rellis Campus
|c Joint Library Facility
|d Remote Storage
|t 0
|e BF39 .T9 1971
|h Library of Congress classification
|i unmediated -- volume
|m A14801658031
|
| 998 |
f |
f |
|a BF39 .T9 1971
|t 0
|l Remote Storage
|